Fuori dall' Hype- Pinguini Tattici Nucleari lyrics - Statistics

Statistiche generali
  • Questo quiz è stato fatto 130 volte
    82 dall'ultimo reset
  • Il punteggio medio è 206 su 262
Statistiche sulle risposte
Hint Risposta % Corretto
11 | 99 | 107 | +2 others A
100%
46 Da
100%
73 | 76 | 79 | +15 others Fuori
100%
75 | 78 | 81 | +15 others Hype
100%
17 | 23 L'
100%
28 C'
98%
74 | 77 | 80 | +15 others Dall'
98%
1 | 40 | 97 | +6 others E
98%
35 | 113 | 134 È
98%
38 | 158 | 226 I
96%
154 Per
93%
161 | 216 Si
93%
61 | 127 | 212 Ma
91%
6 | 59 Mi
91%
71 | 175 Noi
91%
70 | 174 Perchè
91%
72 | 176 Siamo
91%
16 | 22 | 34 | +7 others Che
89%
15 | 21 | 84 | +2 others Io
89%
53 | 85 | 138 | +5 others Non
89%
27 | 49 | 100 | +4 others Te
89%
12 | 115 | 151 Un
89%
132 Di
87%
18 | 24 | 29 | 219 Ho
87%
50 | 207 Lo
87%
103 | 261 Ne
87%
2 | 122 Se
87%
98 | 202 | 256 Vaffanculo
85%
42 | 57 Il
83%
105 | 135 | 144 | 172 La
83%
54 So
83%
63 | 117 | 123 Ti
80%
104 | 262 Vai
80%
9 | 26 | 119 In
78%
8 | 126 Morto
78%
64 Amo
76%
25 Cercato
76%
56 Con
76%
87 | 191 | 245 Mai
76%
66 Quando
76%
14 | 20 Sarò
76%
47 Una
76%
48 | 106 Vita
76%
10 Mezzo
74%
68 | 173 Musica
74%
67 Piove
74%
31 Sempre
74%
58 Sole
74%
65 Solo
74%
55 Amarti
72%
32 Anche
72%
3 | 33 Dopo
72%
13 | 153 Prato
72%
124 | 208 Sai
72%
213 Ci
70%
30 Creduto
70%
7 Trovi
70%
83 | 187 | 241 Vada
70%
114 | 157 Come
67%
19 Deciso
67%
51 Dico
67%
36 Finita
67%
45 Inter
67%
44 Tifo
67%
82 | 186 | 240 Comunque
65%
62 Davvero
65%
60 Dispiace
65%
52 Sottovoce
65%
108 | 112 Fine
63%
43 Muso
63%
86 | 190 | 244 Piango
63%
39 Pugni
63%
109 Settembre
63%
128 | 133 Cosa
61%
41 Duro
61%
5 Notte
61%
4 Questa
61%
136 Felicità
59%
125 Fingere
59%
121 Solamente
59%
167 Voglio
59%
145 Cipolla
57%
147 Kebab
57%
131 Loro
57%
37 Stretti
57%
118 Lascia
54%
143 Mettono
54%
146 Nel
54%
116 Orso
54%
120 Pace
54%
139 Ascoltano
52%
140 Battisti
52%
130 Saperne
50%
129 Vogliono
50%
111 Alla
48%
152 Bel
48%
155 Morire
48%
149 Allora
46%
168 Più
43%
165 Gente
41%
171 Neanche
41%
150 Trovami
41%
156 Degnamente
39%
159 Gatti
39%
170 Niente
39%
110 Forse
37%
163 Lontano
37%
229 Poi
37%
169 Sentire
37%
164 Dalla
35%
222 Mia
35%
69 Yeah
35%
162 Appartano
33%
217 Sappia
26%
214 Tengo
26%
220 Vissuto
26%
224 Scrivete
24%
221 Sulla
24%
225 "Belli
22%
210 Ora
22%
211 Vado
22%
230 Venduto"
22%
227 Primi
20%
223 Tomba
20%
Nessun quiz corrispondente trovato
Distribuzione punteggi
Percentuale di utenti per punteggio
Percentile per numero di risposta
I tuoi punteggi nel tempo
Non hai fatto questo quiz dall'ultimo reset